| 000 | 00581nam a22001937a 4500 | ||
|---|---|---|---|
| 003 | dpl | ||
| 005 | 20180712121418.0 | ||
| 008 | 180712b xxu||||| |||| 00| 0 eng d | ||
| 020 |
_a8175412119 _c0.00 |
||
| 035 | _aB-164423 | ||
| 040 |
_aDPL _bEN _c0 |
||
| 082 | _aDAH | ||
| 100 | _aDahiya, Surender S | ||
| 245 |
_aEducational technology: _bToward better teacher performance/ _cby Surender S Dahiya |
||
| 260 |
_aDelhi _bShipra publications _c2004 |
||
| 300 |
_axiii;,250p; _c23cm.(hbk) |
||
| 500 | _aincluding bibliography | ||
| 942 |
_2ddc _cEN _h371.3078 _mDAH |
||
| 999 |
_c153875 _d153875 |
||